Možnosti kvantifikovania korupcie vo verejnom sektore na Slovensku a v Českej republike

Charakteristiky korupcie vo verejnom sektore a jej príčiny. Možnosti merania korupcie vo verejnom sektore na Slovensku a v Českej republike. Výhody a nevýhody jednotlivých ukazovateľov. Komparácia teoretických názorov na korupciu vo verejnom sektore.

Na minha lista:
Detalhes bibliográficos
Autor principal: Liptáková, Katarína
Formato: Capítulo de Livro
Idioma:eslovaco
Assuntos:
Tags: Adicionar Tag
Sem tags, seja o primeiro a adicionar uma tag!

MARC

LEADER 00000naa a2200000 4500
001 0267371
005 20220204125811.6
041 0 |a slo 
044 |a SK 
245 1 0 |a Možnosti kvantifikovania korupcie vo verejnom sektore na Slovensku a v Českej republike  |c Katarína Liptáková 
520 |a Charakteristiky korupcie vo verejnom sektore a jej príčiny. Možnosti merania korupcie vo verejnom sektore na Slovensku a v Českej republike. Výhody a nevýhody jednotlivých ukazovateľov. Komparácia teoretických názorov na korupciu vo verejnom sektore. 
610 2 0 |a sektor verejný 
610 2 0 |a korupcia 
610 2 0 |a meranie 
610 2 0 |a Slovensko 
610 2 0 |a Česko 
100 1 |a Liptáková, Katarína